|
|
|
|
| LEADER |
00000naa2a2200000 4500 |
| 001 |
625287 |
| 005 |
20231101133344.0 |
| 035 |
|
|
|a (RuTPU)RU\TPU\conf\24547
|
| 035 |
|
|
|a RU\TPU\conf\24543
|
| 090 |
|
|
|a 625287
|
| 100 |
|
|
|a 20171208d2017 k y0rusy50 ba
|
| 101 |
0 |
|
|a eng
|
| 102 |
|
|
|a RU
|
| 105 |
|
|
|a y z 100zy
|
| 135 |
|
|
|a drcn ---uucaa
|
| 181 |
|
0 |
|a i
|
| 182 |
|
0 |
|a b
|
| 200 |
1 |
|
|a Increasing durability of sidetrack cement stone
|f D. Yu. Rusinov
|g sci. adv. E. L. Pipchenko
|
| 203 |
|
|
|a Текст
|c электронный
|
| 225 |
1 |
|
|a Геология, горное и нефтегазовое дело (доклады на английском и немецком языках)
|
| 230 |
|
|
|a 1 компьютерный файл (pdf; 417 Kb)
|
| 300 |
|
|
|a Заглавие с экрана
|
| 320 |
|
|
|a [Библиогр.: с. 970 (11 назв.)]
|
| 461 |
|
1 |
|0 (RuTPU)RU\TPU\conf\21932
|t Проблемы геологии и освоения недр
|o труды XXI Международного симпозиума имени академика М. А. Усова студентов и молодых ученых, посвященного 130-летию со дня рождения профессора М. И. Кучина, Томск, 3-7 апреля 2017 г.
|o в 2 т.
|f Национальный исследовательский Томский политехнический университет (ТПУ), Институт природных ресурсов (ИПР) ; под ред. А. С. Боева
|d 2017
|
| 463 |
|
1 |
|0 (RuTPU)RU\TPU\conf\21938
|t Т. 2
|v [С. 969-970]
|d 2017
|
| 610 |
1 |
|
|a электронный ресурс
|
| 610 |
1 |
|
|a долговечность
|
| 610 |
1 |
|
|a керамогранит
|
| 610 |
1 |
|
|a бурение скважин
|
| 610 |
1 |
|
|a навигационное оборудование
|
| 610 |
1 |
|
|a боковые стволы
|
| 610 |
1 |
|
|a месторождения
|
| 610 |
1 |
|
|a нефти
|
| 700 |
|
1 |
|a Rusinov
|b D. Yu.
|
| 702 |
|
1 |
|a Pipchenko
|b E. L.
|4 727
|
| 712 |
0 |
2 |
|a Perm National Research Polytechnic University, Perm, Russia
|
| 801 |
|
2 |
|a RU
|b 63413507
|c 20171212
|g RCR
|
| 856 |
4 |
|
|u http://earchive.tpu.ru/handle/11683/45018
|
| 942 |
|
|
|c BK
|